[Event "McGill op"]
[Site "Montreal"]
[Date "2013.05.04"]
[Round "2"]
[White "Masse, Hugues"]
[Black "Sambuev, Bator"]
[Result "0-1"]
[WhiteElo "2240"]
[BlackElo "2676"]
[PlyCount "122"]
[EventDate "2013.05.03"]
[EventRounds "5"]
[EventCountry "CAN"]
[SourceDate "2005.09.12"]

1. d4 d5 2. c4 e6 3. Nf3 c6 4. e3 Bd6 5. Bd3 f5 6. O-O Nf6 7. b3 Qe7 8. Bb2 O-O
9. Qc1 dxc4 10. Bxc4 b5 11. Be2 Bb7 12. a4 Nbd7 13. Nbd2 Rac8 14. Qb1 a6 15.
Rc1 Nd5 16. axb5 cxb5 17. Rxc8 Rxc8 18. Qd1 Nc3 19. Bxc3 Rxc3 20. Rc1 Rxc1 21.
Qxc1 Nb6 22. Ne1 e5 23. dxe5 Qxe5 24. Ndf3 Qc5 25. Qxc5 Bxc5 26. Nd3 Bd6 27.
Nd4 g6 28. h4 Be4 29. f3 Bd5 30. h5 Bf7 31. hxg6 hxg6 32. g4 fxg4 33. fxg4 Nd5
34. Kf2 Nc3 35. Bf3 Kg7 36. Ke1 a5 37. Kd2 b4 38. e4 Bc7 39. Kc2 Bb6 40. Ne2
Nb5 41. Ndf4 Na3+ 42. Kb2 Bc7 43. Nd5 Be5+ 44. Kc1 Kh6 45. Kd2 Kg5 46. Nc1 Bf4+
47. Kd1 Nb5 48. Be2 Nd4 49. Bc4 Be6 50. Nd3 Bxg4+ 51. Ke1 Bd6 52. e5 Nf3+ 53.
Kf2 Nxe5 54. Nxe5 Bxe5 55. Ne7 Bd4+ 56. Kg3 Bd7 57. Bd3 Be8 58. Bc4 Bc5 59. Nd5
Kf5 60. Kf3 Bc6 61. Kg3 g5 0-1

[Event "McGill op"]
[Site "Montreal"]
[Date "2013.05.04"]
[Round "2"]
[White "Zhang, Yuan Chen"]
[Black "Marcaida, Ren Lionel"]
[Result "1-0"]
[WhiteElo "2210"]
[BlackElo "2046"]
[PlyCount "83"]
[EventDate "2013.05.03"]
[EventRounds "5"]
[EventCountry "CAN"]
[SourceDate "2005.09.12"]

1. d4 Nf6 2. c4 g6 3. Nc3 Bg7 4. e4 O-O 5. Nf3 d6 6. Be2 Qe8 7. O-O e5 8. dxe5
dxe5 9. Be3 Na6 10. h3 Nd7 11. Rc1 f5 12. c5 Ndxc5 13. Nd5 Ne6 14. Bxa6 bxa6
15. Ng5 Rb8 16. Nxc7 Nxc7 17. Rxc7 h6 18. Qd5+ Kh8 19. Nf7+ Kh7 20. Nxe5 Be6
21. Qc5 Rc8 22. Bd4 Rxc7 23. Qxc7 Qc8 24. Qxa7 fxe4 25. Re1 Bd5 26. Qe7 Re8 27.
Qa7 Qb7 28. Qxb7 Bxb7 29. Rc1 Re7 30. Rc5 g5 31. Nc6 Bxc6 32. Bxg7 Bb7 33. Be5
Rd7 34. Kf1 Kg6 35. Bc3 h5 36. Ke2 g4 37. h4 Bd5 38. a3 Rd6 39. Ke3 g3 40. fxg3
Kf5 41. Ra5 Ke6 42. Kf4 1-0

[Event "McGill op"]
[Site "Montreal"]
[Date "2013.05.05"]
[Round "3"]
[White "Beaulieu, Eric"]
[Black "Masse, Hugues"]
[Result "1-0"]
[WhiteElo "2204"]
[BlackElo "2264"]
[PlyCount "85"]
[EventDate "2013.05.03"]
[EventRounds "5"]
[EventCountry "CAN"]
[SourceDate "2005.09.12"]

1. d4 Nf6 2. c4 g6 3. Nf3 Bg7 4. g3 O-O 5. Bg2 d6 6. Nc3 Nc6 7. O-O Bg4 8. Ne1
a6 9. h3 Bd7 10. Nc2 e5 11. d5 Ne7 12. b4 c6 13. dxc6 Bxc6 14. Bg5 Qc7 15. Ne3
Rac8 16. Rc1 Rfd8 17. h4 Qd7 18. Qd3 h6 19. Bxf6 Bxf6 20. b5 axb5 21. cxb5 Bxg2
22. Kxg2 Bg7 23. Ncd5 Rc5 24. Nxe7+ Qxe7 25. Rfd1 e4 26. Qb3 Rdc8 27. Rxc5 dxc5
28. h5 Kh7 29. Qc4 Bd4 30. hxg6+ fxg6 31. Nd5 Qe6 32. e3 Rd8 33. Rxd4 cxd4 34.
Qc7+ Rd7 35. Qxd7+ Qxd7 36. Nf6+ Kg7 37. Nxd7 d3 38. Kf1 h5 39. Nc5 g5 40. Nxe4
Kg6 41. Ke1 Kf5 42. Nxg5 Kxg5 43. f3 1-0

[Event "McGill op"]
[Site "Montreal"]
[Date "2013.05.05"]
[Round "3"]
[White "Luo, Zhao Yang"]
[Black "Zhu, Hong Rui"]
[Result "0-1"]
[WhiteElo "2078"]
[BlackElo "2157"]
[PlyCount "46"]
[EventDate "2013.05.03"]
[EventRounds "5"]
[EventCountry "CAN"]
[SourceDate "2005.09.12"]

1. d4 d5 2. Nf3 Nf6 3. e3 Bf5 4. Be2 e6 5. O-O c5 6. b3 Nc6 7. Bb2 Be7 8. c4
O-O 9. Nc3 dxc4 10. bxc4 cxd4 11. exd4 Rc8 12. Re1 Qb6 13. Qb3 Nb4 14. Ba3 Qa5
15. Rac1 Rfe8 16. Bb2 Nd3 17. Bxd3 Bxd3 18. Ne5 Bg6 19. Nxg6 hxg6 20. d5 exd5
21. Nxd5 Nxd5 22. Re5 Bf6 23. Rxd5 Re1+ 0-1

[Event "McGill op"]
[Site "Montreal"]
[Date "2013.05.05"]
[Round "3"]
[White "MacKinnon, Keith"]
[Black "Zhang, Yuan Chen"]
[Result "1-0"]
[WhiteElo "2342"]
[BlackElo "2210"]
[PlyCount "81"]
[EventDate "2013.05.03"]
[EventRounds "5"]
[EventCountry "CAN"]
[SourceDate "2005.09.12"]

1. e4 e5 2. Nf3 Nc6 3. Bb5 a6 4. Bxc6 dxc6 5. O-O f6 6. d4 Bg4 7. c3 Bd6 8. Be3
Ne7 9. Nbd2 Ng6 10. h3 Be6 11. dxe5 fxe5 12. Ng5 Qe7 13. Qh5 O-O-O 14. Nxe6
Qxe6 15. Qf5 Nf4 16. Qxe6+ Nxe6 17. Nc4 Rhf8 18. g3 Nc5 19. f3 Rf7 20. Rad1
Rfd7 21. Rd2 Ne6 22. Kg2 b5 23. Na5 c5 24. a4 Be7 25. Rxd7 Rxd7 26. axb5 axb5
27. Nc6 Bg5 28. Bxg5 Nxg5 29. h4 Nf7 30. Na7+ Kb7 31. Nxb5 Nd6 32. Rd1 Kc6 33.
Na3 Rd8 34. Nc4 Re8 35. Ne3 Ra8 36. h5 Ra2 37. Rd2 c4 38. Kh3 h6 39. Nd5 Kd7
40. f4 Kd8 41. Nb4 1-0

[Event "McGill op"]
[Site "Montreal"]
[Date "2013.05.04"]
[Round "3"]
[White "Marcaida, Ren Lionel"]
[Black "Cardona, Misael"]
[Result "0-1"]
[WhiteElo "2046"]
[BlackElo "2096"]
[PlyCount "63"]
[EventDate "2013.05.03"]
[EventRounds "5"]
[EventCountry "CAN"]
[SourceDate "2005.09.12"]

1. d4 f5 2. Nc3 Nf6 3. Bg5 e6 4. e4 fxe4 5. Nxe4 Be7 6. Bxf6 Bxf6 7. Nf3 Nc6 8.
Bb5 O-O 9. O-O d6 10. Re1 Bd7 11. Qd2 Kh8 12. c3 a6 13. Bxc6 bxc6 14. Re3 Qe7
15. Rae1 Rae8 16. c4 Qd8 17. c5 Be7 18. Qa5 Rf5 19. Qxa6 Ref8 20. b4 g5 21. h3
Rf4 22. Qe2 Rg8 23. g3 g4 24. hxg4 Rfxg4 25. Kg2 R8g7 26. Rh1 Qf8 27. a4 Qf5
28. a5 e5 29. dxe5 d5 30. Ned2 Be6 31. Nb3 Rxb4 32. Nfd4 0-1

[Event "McGill op"]
[Site "Montreal"]
[Date "2013.05.04"]
[Round "3"]
[White "Robichaud, Louis"]
[Black "Gueorguiev, Valentin"]
[Result "1-0"]
[WhiteElo "2080"]
[BlackElo "1936"]
[PlyCount "69"]
[EventDate "2013.05.03"]
[EventRounds "5"]
[EventCountry "CAN"]
[SourceDate "2005.09.12"]

1. e4 g6 2. d4 Bg7 3. f4 c5 4. d5 d6 5. c4 Qa5+ 6. Bd2 Qb6 7. Nc3 f5 8. exf5
Bxf5 9. g4 Bd7 10. h3 Na6 11. Nf3 O-O-O 12. Ng5 Nf6 13. Bg2 Rde8 14. Ne6 Rhg8
15. O-O Nc7 16. Qe2 Bh8 17. Rab1 h5 18. Be3 Qb4 19. Bd2 Qb6 20. Rfc1 hxg4 21.
hxg4 Nxe6 22. dxe6 Bc6 23. Nd5 Qa6 24. Nc3 Bxg2 25. Kxg2 Qc6+ 26. Qf3 Nxg4 27.
Nd5 Nh6 28. Rh1 Nf5 29. b4 Nd4 30. b5 Nxf3 31. bxc6 Nxd2 32. Rxb7 Nxc4 33. Rhb1
Nb6 34. R1xb6 axb6 35. Nxb6+ 1-0

[Event "McGill op"]
[Site "Montreal"]
[Date "2013.05.05"]
[Round "4"]
[White "Cardona, Misael"]
[Black "Robichaud, Louis"]
[Result "1/2-1/2"]
[WhiteElo "2096"]
[BlackElo "2080"]
[PlyCount "90"]
[EventDate "2013.05.03"]
[EventRounds "5"]
[EventCountry "CAN"]
[SourceDate "2005.09.12"]

1. d4 Nf6 2. c4 g6 3. Nc3 Bg7 4. e4 d6 5. f4 O-O 6. Nf3 c5 7. dxc5 Qa5 8. Bd3
Qxc5 9. Qe2 Nc6 10. Be3 Qa5 11. O-O Nd7 12. Rac1 Nc5 13. Bb1 Bg4 14. Qf2 Bxf3
15. gxf3 Na4 16. Nxa4 Qxa4 17. b3 Qa5 18. Rfd1 b6 19. Kh1 Rac8 20. f5 Qe5 21.
Qh4 Qb2 22. Rc2 Qa1 23. Rg2 Qc3 24. Qf2 Rb8 25. f4 Rfc8 26. h4 b5 27. cxb5 Rxb5
28. h5 a5 29. Bd3 Rb4 30. hxg6 fxg6 31. fxg6 h6 32. Bc4+ Rxc4 33. bxc4 Rb8 34.
Qd2 Qxc4 35. Qd5+ Qxd5 36. exd5 Nb4 37. Bd4 Nxd5 38. Bxg7 Ne3 39. Re2 Nxd1 40.
Rxe7 Ne3 41. Bc3 Nd5 42. Rg7+ Kf8 43. Rf7+ Kg8 44. Rg7+ Kf8 45. Rf7+ Kg8
1/2-1/2

[Event "McGill op"]
[Site "Montreal"]
[Date "2013.05.05"]
[Round "4"]
[White "Gueorguiev, Valentin"]
[Black "Luo, Zhao Yang"]
[Result "1-0"]
[WhiteElo "1936"]
[BlackElo "2078"]
[PlyCount "49"]
[EventDate "2013.05.03"]
[EventRounds "5"]
[EventCountry "CAN"]
[SourceDate "2005.09.12"]

1. c4 c5 2. g3 e6 3. Bg2 d5 4. Nf3 Nc6 5. O-O Nf6 6. cxd5 Nxd5 7. b3 Be7 8. Bb2
Bf6 9. Nc3 O-O 10. Rc1 Rb8 11. Na4 b6 12. d4 Ba6 13. dxc5 b5 14. Nc3 b4 15.
Nxd5 Bxb2 16. Rc2 Qa5 17. Rxb2 Rfd8 18. Nf6+ gxf6 19. Qc1 Rb5 20. Rc2 Rd5 21.
Nd2 Nd4 22. Nc4 Qc7 23. Rd2 Rbxc5 24. Bxd5 Rxd5 25. f3 1-0

[Event "McGill op"]
[Site "Montreal"]
[Date "2013.05.05"]
[Round "4"]
[White "Laptos, Kris"]
[Black "Sambuev, Bator"]
[Result "0-1"]
[WhiteElo "2255"]
[BlackElo "2676"]
[PlyCount "98"]
[EventDate "2013.05.03"]
[EventRounds "5"]
[EventCountry "CAN"]
[SourceDate "2005.09.12"]

1. d4 e6 2. e4 d5 3. e5 c5 4. c3 Nc6 5. Nf3 Qb6 6. a3 Nh6 7. b4 cxd4 8. cxd4
Nf5 9. Bb2 Be7 10. Bd3 Bd7 11. Bxf5 exf5 12. Nc3 Be6 13. O-O O-O 14. Na4 Qd8
15. Nc5 b6 16. Nd3 Qd7 17. h4 Rfc8 18. Re1 Nd8 19. Bc1 Rc4 20. Bg5 Bf8 21. h5
h6 22. Be3 a5 23. bxa5 Rxa5 24. Bd2 Ra7 25. Qb3 Nc6 26. Be3 Rca4 27. Nb2 Rxa3
28. Rxa3 Rxa3 29. Qxb6 Na5 30. Rd1 f4 31. Bxf4 Bg4 32. Nd3 Qf5 33. Bg3 Nc4 34.
Qb1 Bxf3 35. gxf3 Qxf3 36. Nf4 Rb3 37. Qc2 Rb2 38. Qd3 Rxf2 39. Bxf2 Qxf4 40.
Qg3 Qf5 41. Ra1 Nd2 42. Be3 Ne4 43. Qf4 Qxh5 44. Ra8 Ng5 45. Qg3 Ne6 46. Qg2
Nxd4 47. Qxd5 Qd1+ 48. Kg2 Qg4+ 49. Kf2 Qe2+ 0-1

[Event "McGill op"]
[Site "Montreal"]
[Date "2013.05.05"]
[Round "4"]
[White "Libersan, Thierry"]
[Black "Masse, Hugues"]
[Result "1-0"]
[WhiteElo "2026"]
[BlackElo "2264"]
[PlyCount "83"]
[EventDate "2013.05.03"]
[EventRounds "5"]
[EventCountry "CAN"]
[SourceDate "2005.09.12"]

1. e4 e5 2. Nf3 Nc6 3. Bb5 a6 4. Ba4 d6 5. Bxc6+ bxc6 6. d4 f6 7. h3 Ne7 8. c4
Ng6 9. Nc3 Be7 10. Be3 Bd7 11. Qd2 Qb8 12. O-O O-O 13. Rfd1 Be6 14. d5 cxd5 15.
Nxd5 Rd8 16. Qa5 Rd7 17. Nd2 Bd8 18. Qa4 Rf7 19. Nb3 Bd7 20. Qa3 f5 21. f3 c6
22. Nc3 c5 23. Rd2 Be7 24. Nxc5 Bc8 25. Nb3 d5 26. Bc5 Bg5 27. Rxd5 Be6 28. Rd6
Bxc4 29. Na5 Bb5 30. Nd5 fxe4 31. fxe4 Qf8 32. Rf6 Qe8 33. Rxf7 Qxf7 34. Qf3
Nf4 35. Nxf4 Bxf4 36. g3 Qc7 37. b4 Bg5 38. a4 Bd7 39. Rf1 Bf6 40. Qb3+ Kh8 41.
Qf7 Qd8 42. Rd1 1-0

[Event "McGill op"]
[Site "Montreal"]
[Date "2013.05.05"]
[Round "5"]
[White "Beaulieu, Eric"]
[Black "Laptos, Kris"]
[Result "1/2-1/2"]
[WhiteElo "2204"]
[BlackElo "2255"]
[PlyCount "101"]
[EventDate "2013.05.03"]
[EventRounds "5"]
[EventCountry "CAN"]
[SourceDate "2005.09.12"]

1. c4 e5 2. Nc3 d6 3. e3 f5 4. d4 Nf6 5. Nf3 e4 6. Nd2 c5 7. d5 g6 8. f3 exf3
9. gxf3 Bg7 10. Qe2 O-O 11. Nb3 Nbd7 12. Bd2 a6 13. a4 Rb8 14. Kd1 Ne5 15. f4
Neg4 16. h3 Nh6 17. Bg2 Re8 18. Kc2 Bd7 19. Bf3 Re7 20. Ra3 b6 21. Rha1 Qe8 22.
Qf1 Rxe3 23. Bxe3 Qxe3 24. a5 bxa5 25. Rxa5 Ne4 26. Re1 Qxf4 27. Bxe4 Qxf1 28.
Rxf1 fxe4 29. Rxa6 Bxh3 30. Re1 Bf5 31. Nxe4 Nf7 32. Ra2 Ng5 33. Nbd2 Re8 34.
Kd3 h5 35. Re2 h4 36. Ra1 Bxb2 37. Rf1 Nxe4 38. Nxe4 Kg7 39. Rf4 Bf6 40. Kd2
Bxe4 41. Rfxe4 Ra8 42. Ke3 Ra3+ 43. Kf4 Kh6 44. Re6 Bg5+ 45. Ke4 Rc3 46. Rxd6
Rxc4+ 47. Kf3 h3 48. Rh2 Rc3+ 49. Kg4 Rc4+ 50. Kf3 Rc3+ 51. Kg4 1/2-1/2

[Event "McGill op"]
[Site "Montreal"]
[Date "2013.05.05"]
[Round "5"]
[White "Chabot, Roland"]
[Black "Libersan, Thierry"]
[Result "1/2-1/2"]
[WhiteElo "2254"]
[BlackElo "2026"]
[PlyCount "36"]
[EventDate "2013.05.03"]
[EventRounds "5"]
[EventCountry "CAN"]
[SourceDate "2005.09.12"]

1. Nf3 c5 2. c4 Nc6 3. d4 cxd4 4. Nxd4 Nf6 5. Nc3 g6 6. e4 d6 7. Be2 Bg7 8. Be3
O-O 9. O-O Bd7 10. Nc2 Rc8 11. Rb1 Qc7 12. Kh1 Ne5 13. b3 Neg4 14. Bxg4 Nxg4
15. Nd5 Nxe3 16. Nxe7+ Kh8 17. Nxe3 Rce8 18. N7d5 Qa5 1/2-1/2

[Event "McGill op"]
[Site "Montreal"]
[Date "2013.05.05"]
[Round "5"]
[White "Cloutier, Mario"]
[Black "Zhu, Hong Rui"]
[Result "0-1"]
[WhiteElo "2046"]
[BlackElo "2157"]
[PlyCount "86"]
[EventDate "2013.05.03"]
[EventRounds "5"]
[EventCountry "CAN"]
[SourceDate "2005.09.12"]

1. d4 d5 2. c4 e6 3. Nc3 Be7 4. g3 Nf6 5. Nf3 O-O 6. Bg2 c5 7. cxd5 Nxd5 8. O-O
cxd4 9. Nxd5 exd5 10. Nxd4 Nc6 11. Nxc6 bxc6 12. Be3 Bf6 13. Bc5 Re8 14. Qd2
Ba6 15. Bf3 Rb8 16. Rab1 Qc7 17. Rfc1 h6 18. e3 Qd7 19. Bd4 Qf5 20. Kg2 Bd3 21.
Ra1 Bxd4 22. exd4 Be4 23. Bxe4 Qxe4+ 24. Kg1 Qe2 25. Rc2 Qe6 26. Rac1 Rb6 27.
b3 Qf6 28. Rc3 Re4 29. Rd3 Qe6 30. Rc2 Re1+ 31. Kg2 Qe7 32. Re3 Rxe3 33. Qxe3
Qxe3 34. fxe3 Kf8 35. Kf3 Ke7 36. Ke2 Kd6 37. Kd3 Ra6 38. a4 Rb6 39. Rc3 Rb7
40. Kc2 Kc7 41. Rc5 Kb6 42. a5+ Kc7 43. Kc3 Kd6 {Cell phone...} 0-1

[Event "McGill op"]
[Site "Montreal"]
[Date "2013.05.05"]
[Round "5"]
[White "Masse, Hugues"]
[Black "Marcaida, Ren Lionel"]
[Result "0-1"]
[WhiteElo "2264"]
[BlackElo "2046"]
[PlyCount "88"]
[EventDate "2013.05.03"]
[EventRounds "5"]
[EventCountry "CAN"]
[SourceDate "2005.09.12"]

1. d4 Nf6 2. c4 g6 3. g3 Bg7 4. Bg2 O-O 5. Nc3 d6 6. Nf3 Nc6 7. O-O a6 8. Qd3
Rb8 9. d5 Nb4 10. Qd1 a5 11. e4 c6 12. a3 Na6 13. Re1 e5 14. Rb1 cxd5 15. cxd5
b5 16. b4 a4 17. Qd3 Bd7 18. Bd2 Qb6 19. Be3 Qb7 20. Bf1 Nc7 21. Bg5 h6 22.
Bxf6 Bxf6 23. Rbc1 Bd8 24. Nd2 Ne8 25. Bg2 Bb6 26. Rf1 h5 27. Kh1 Bd8 28. f4 h4
29. f5 Nf6 30. Bf3 hxg3 31. hxg3 Kg7 32. Kg2 Rh8 33. Rh1 Qb6 34. Rxh8 Kxh8 35.
g4 Nh7 36. Nf1 Bg5 37. Rc2 Rc8 38. Bd1 Nf6 39. Ng3 Rc4 40. Nce2 Nxg4 41. Kf3
gxf5 42. Nc3 Qg1 43. Nf1 Rxc3 44. Rxc3 Qf2# 0-1

[Event "McGill op"]
[Site "Montreal"]
[Date "2013.05.05"]
[Round "5"]
[White "Robichaud, Louis"]
[Black "Guo, Forest"]
[Result "0-1"]
[WhiteElo "2080"]
[BlackElo "2019"]
[PlyCount "70"]
[EventDate "2013.05.03"]
[EventRounds "5"]
[EventCountry "CAN"]
[SourceDate "2005.09.12"]

1. e4 c5 2. Nc3 Nc6 3. g3 g6 4. Bg2 Bg7 5. d3 Nf6 6. f4 d6 7. Nf3 O-O 8. O-O
Rb8 9. h3 b5 10. a3 a5 11. Be3 b4 12. axb4 axb4 13. Ne2 Bb7 14. c3 bxc3 15.
bxc3 c4 16. dxc4 Nxe4 17. Nfd4 Na5 18. Qa4 Ra8 19. Qb5 Qc7 20. Ne6 fxe6 21. Bb6
Qxc4 22. Rxa5 Qxb5 23. Rxb5 Nxc3 24. Nxc3 Bxg2 25. Kxg2 Bxc3 26. Rb3 Ra2+ 27.
Kf3 Bg7 28. Be3 e5 29. Ke4 exf4 30. Rxf4 Rxf4+ 31. Bxf4 Ra5 32. h4 h5 33. Rb7
Bf6 34. Rd7 Kf7 35. Rd8 e5 0-1

[Event "McGill op"]
[Site "Montreal"]
[Date "2013.05.05"]
[Round "5"]
[White "Sambuev, Bator"]
[Black "Kleinman, Michael"]
[Result "1-0"]
[WhiteElo "2676"]
[BlackElo "2382"]
[PlyCount "59"]
[EventDate "2013.05.03"]
[EventRounds "5"]
[EventCountry "CAN"]
[SourceDate "2005.09.12"]

1. d4 Nf6 2. Nf3 g6 3. Bg5 Bg7 4. Nbd2 O-O 5. e4 d5 6. exd5 Nxd5 7. c3 c5 8.
dxc5 Qc7 9. Bc4 Rd8 10. O-O Qxc5 11. Qe2 Nc6 12. Nb3 Qb6 13. Rad1 Nf6 14. h3
Rxd1 15. Rxd1 Qc7 16. Nbd4 Nxd4 17. Rxd4 Nh5 18. Rd1 Bf6 19. Bxf6 Nxf6 20. Rd4
Kg7 21. Ne5 e6 22. Rf4 Rb8 23. g4 g5 24. Rf3 b5 25. Bxb5 a6 26. Bc6 Rb6 27. Qe3
h6 28. h4 Rxc6 29. hxg5 Ng8 30. Rxf7+ 1-0

[Event "McGill op U2000"]
[Site "Montreal"]
[Date "2013.05.03"]
[Round "1"]
[White "Bonneville, Didier"]
[Black "Purcacus, Gabriel"]
[Result "0-1"]
[WhiteElo "1416"]
[BlackElo "1608"]
[PlyCount "50"]
[EventDate "2013.05.03"]
[EventRounds "5"]
[EventCountry "CAN"]
[SourceDate "2005.09.12"]

1. d4 e5 2. dxe5 Nc6 3. Nf3 Qe7 4. e3 Nxe5 5. Nxe5 Qxe5 6. Bd3 d5 7. O-O Bd6 8.
f4 Qe7 9. Nc3 Nf6 10. e4 Bg4 11. Qd2 dxe4 12. Nxe4 Nxe4 13. Bxe4 O-O-O 14. Bd3
Rhe8 15. Qc3 Bc5+ 16. Kh1 Bd4 17. Qb3 Qe1 18. h3 Qh4 19. Bc4 Be2 20. Bxe2 Rxe2
21. f5 Qe4 22. Qg3 Be5 23. Bf4 Bxf4 24. Rxf4 Rxg2 25. Rxe4 Rxg3 0-1

[Event "McGill op U2000"]
[Site "Montreal"]
[Date "2013.05.04"]
[Round "3"]
[White "Rodrigue-Lemieux, Shawn"]
[Black "Purcarus, Gabriel"]
[Result "0-1"]
[WhiteElo "1506"]
[BlackElo "1608"]
[PlyCount "64"]
[EventDate "2013.05.03"]
[EventRounds "5"]
[EventCountry "CAN"]
[SourceDate "2005.09.12"]

1. e4 c5 2. Nf3 e6 3. Nc3 Nc6 4. Bb5 a6 5. Bxc6 bxc6 6. O-O Qc7 7. d3 Be7 8.
Ne2 d5 9. Bf4 Qb6 10. Rb1 h6 11. c4 g5 12. Be3 g4 13. Ne1 d4 14. Bd2 Bd6 15. f4
gxf3 16. Nxf3 Qc7 17. Qa4 Ne7 18. Qa5 Qd7 19. e5 Bc7 20. Qxc5 Rb8 21. Nexd4 Nf5
22. Qxc6 Bb6 23. Qxd7+ Bxd7 24. Bc3 Bc6 25. Kh1 Bxd4 26. Nxd4 Nxd4 27. Bxd4 Rg8
28. Rg1 Rd8 29. Bc5 Rxd3 30. Bb4 h5 31. Be1 h4 32. Bxh4 Rh3 0-1

[Event "Mercredi 2013.01.09 ABCD"]
[Site "Montreal"]
[Date "2013.01.09"]
[Round "1"]
[White "Levkovsky, Alexandre"]
[Black "Chabot, Roland"]
[Result "1/2-1/2"]
[WhiteElo "2237"]
[BlackElo "2114"]
[PlyCount "66"]
[EventDate "2013.01.09"]
[EventRounds "5"]
[EventCountry "CAN"]
[SourceDate "2005.09.12"]

1. e4 e6 2. d4 d5 3. Nd2 Be7 4. c3 dxe4 5. Nxe4 Nf6 6. Bd3 Nxe4 7. Bxe4 c5 8.
Be3 cxd4 9. Bxd4 Bf6 10. Bc5 Qxd1+ 11. Rxd1 Na6 12. Bd6 Be7 13. f4 Bxd6 14.
Rxd6 Nc5 15. Bc2 Ke7 16. Rd4 b6 17. b4 Nd7 18. Be4 Rb8 19. Nf3 Bb7 20. c4 a5
21. a3 axb4 22. axb4 Bxe4 23. Rxe4 Ra8 24. O-O g6 25. Nd4 Nf6 26. Re5 Rhc8 27.
c5 bxc5 28. Rxc5 Nd5 29. Rxc8 Rxc8 30. b5 Rc4 31. Nc6+ Kd6 32. Ne5 Rb4 33.
Nxf7+ Ke7 1/2-1/2

[Event "Mercredi 2013.01.09 ABCD"]
[Site "Montreal"]
[Date "2013.01.09"]
[Round "1"]
[White "Lopez Linares, Lizandro"]
[Black "Cardin, Guillaume"]
[Result "0-1"]
[WhiteElo "2066"]
[BlackElo "2092"]
[PlyCount "96"]
[EventDate "2013.01.09"]
[EventRounds "5"]
[EventCountry "CAN"]
[SourceDate "2005.09.12"]

1. d4 Nf6 2. Nf3 g6 3. c4 Bg7 4. Nc3 d5 5. cxd5 Nxd5 6. e4 Nxc3 7. bxc3 c5 8.
Rb1 O-O 9. Be2 Nc6 10. d5 Ne5 11. Qd2 e6 12. Nxe5 Bxe5 13. f4 Bc7 14. O-O exd5
15. exd5 Ba5 16. Bf3 Rb8 17. d6 Bf5 18. Rxb7 Rxb7 19. Bxb7 c4 20. Bf3 Bd3 21.
Rd1 Qxd6 22. Qe1 Qf6 23. Bd2 Rb8 24. g3 Rb2 25. Qe8+ Kg7 26. Qe1 Rxa2 27. Kh1
Rc2 28. Rc1 Rxc1 29. Qxc1 Bb6 30. Kg2 Qe6 31. Qe1 Qxe1 32. Bxe1 Bc2 33. Bd2 Bc5
34. Bd5 Bb3 35. Kf3 a5 36. Bc1 a4 37. Bb2 a3 38. Bc1 h6 39. h3 f5 40. Ke2 Kf6
41. Bg8 g5 42. Bd5 h5 43. h4 gxh4 44. gxh4 Be7 45. Bc6 Kg6 46. Be8+ Kh6 47. Kd2
Bxh4 48. Bd7 Bg3 0-1

[Event "Mercredi 2013.01.09 ABCD"]
[Site "Montreal"]
[Date "2013.01.16"]
[Round "2"]
[White "Tremblay, Alain"]
[Black "Levkovsky, Alexandre"]
[Result "1-0"]
[WhiteElo "2074"]
[BlackElo "2237"]
[PlyCount "109"]
[EventDate "2013.01.09"]
[EventRounds "5"]
[EventCountry "CAN"]
[SourceDate "2005.09.12"]

1. e4 e5 2. Nf3 Nf6 3. Nxe5 d6 4. Nf3 Nxe4 5. d4 d5 6. Bd3 Nc6 7. O-O Be7 8. c4
Nf6 9. Nc3 Bg4 10. Be3 Nb4 11. cxd5 Bxf3 12. gxf3 Nbxd5 13. Be4 c6 14. Qb3 Qd7
15. Bxd5 Nxd5 16. Nxd5 cxd5 17. Rfe1 O-O 18. Bf4 Bf6 19. Be5 Bg5 20. Kg2 Rac8
21. Re2 Rc6 22. Bg3 Bf6 23. Rae1 h5 24. h3 h4 25. Be5 Bd8 26. Rc2 Rg6+ 27. Kh1
Bb6 28. Qd3 Re8 29. Rcc1 Rge6 30. Rg1 Rxe5 31. dxe5 Bxf2 32. Rg4 Rxe5 33. Qc3
Bg3 34. Kg1 Qe8 35. f4 Re1+ 36. Rxe1 Qxe1+ 37. Qxe1 Bxe1 38. Rg5 Bd2 39. Rxd5
Bxf4 40. Kf2 b6 41. Rd8+ Kh7 42. Rd7 f5 43. Rxa7 Be5 44. b3 Bd4+ 45. Kf3 Kg6
46. Ra6 Kh5 47. Kf4 g6 48. a4 Bg1 49. a5 Bh2+ 50. Kf3 g5 51. axb6 g4+ 52. Kg2
Bg3 53. b7 f4 54. Ra5+ Kg6 55. hxg4 1-0

[Event "Mercredi 2013.01.09 ABCD"]
[Site "Montreal"]
[Date "2013.01.16"]
[Round "2"]
[White "Chabot, Roland"]
[Black "Lopez Linares, Lizandro"]
[Result "1-0"]
[WhiteElo "2114"]
[BlackElo "2066"]
[PlyCount "75"]
[EventDate "2013.01.09"]
[EventRounds "5"]
[EventCountry "CAN"]
[SourceDate "2005.09.12"]

1. c4 e6 2. Nf3 d5 3. g3 Nf6 4. Bg2 Be7 5. O-O O-O 6. b3 b6 7. Bb2 Bb7 8. e3
Nbd7 9. Qe2 Re8 10. d4 c5 11. Nc3 dxc4 12. bxc4 cxd4 13. exd4 Rc8 14. Rac1 Qc7
15. Nb5 Qb8 16. a4 a6 17. Nc3 Qa8 18. Nh4 Bxg2 19. Nxg2 Qc6 20. Ne3 Bb4 21. d5
Qc5 22. dxe6 fxe6 23. Rc2 Ne5 24. Na2 a5 25. Nc1 Qc7 26. f4 Nc6 27. Kg2 Bc5 28.
Rd2 Ne4 29. Rdd1 Nb4 30. Ng4 Qb7 31. Kh3 Bf8 32. Rfe1 Nc5 33. Ne5 Nxa4 34. Rd7
Rc7 35. Red1 Nc5 36. Qh5 Nxd7 37. Qf7+ Kh8 38. Qxe8 1-0

[Event "Mercredi 2013.01.09 ABCD"]
[Site "Montreal"]
[Date "2013.01.23"]
[Round "3"]
[White "Lopez Linares, Lizandro"]
[Black "Tremblay, Alain"]
[Result "1/2-1/2"]
[WhiteElo "2066"]
[BlackElo "2074"]
[PlyCount "47"]
[EventDate "2013.01.09"]
[EventRounds "5"]
[EventCountry "CAN"]
[SourceDate "2005.09.12"]

1. d4 d6 2. Nf3 g6 3. Bf4 Bg7 4. e3 Nf6 5. Be2 b6 6. c4 Nbd7 7. Nc3 Bb7 8. Qc2
Nh5 9. O-O Nxf4 10. exf4 O-O 11. Rfe1 e6 12. Rad1 Re8 13. g3 a6 14. Ne4 Qe7 15.
Bd3 f5 16. Ned2 Qf6 17. Qa4 c6 18. Bf1 b5 19. Qb3 h6 20. Bg2 Rab8 21. Qe3 c5
22. dxc5 Nxc5 23. cxb5 axb5 24. b3 1/2-1/2

[Event "Mercredi 2013.01.09 ABCD"]
[Site "Montreal"]
[Date "2013.01.23"]
[Round "3"]
[White "Cardin, Guillaume"]
[Black "Chabot, Roland"]
[Result "1-0"]
[WhiteElo "2092"]
[BlackElo "2114"]
[PlyCount "119"]
[EventDate "2013.01.09"]
[EventRounds "5"]
[EventCountry "CAN"]
[SourceDate "2005.09.12"]

1. d4 e6 2. c4 Bb4+ 3. Bd2 Bxd2+ 4. Qxd2 Nf6 5. Nc3 d5 6. e3 O-O 7. Nf3 Nbd7 8.
cxd5 exd5 9. Bd3 Qe7 10. O-O c6 11. Qc2 Re8 12. Rab1 Nf8 13. b4 Ng6 14. b5 c5
15. dxc5 Qxc5 16. Rfc1 Bg4 17. Na4 Qxc2 18. Rxc2 Bxf3 19. gxf3 Nh4 20. Be2 d4
21. exd4 Nd5 22. Kf1 Nf4 23. b6 axb6 24. Nxb6 Rad8 25. d5 g5 26. Rd1 Rd6 27.
Nc4 Rxd5 28. Rxd5 Nxd5 29. Nd6 Re6 30. Ne4 Rb6 31. Ke1 h6 32. Bc4 Nf4 33. Nd2
Kg7 34. Bb3 Rc6 35. Rxc6 bxc6 36. a4 Nf5 37. a5 Nd3+ 38. Ke2 Nc5 39. Bc4 Nd6
40. Ke3 Nxc4+ 41. Nxc4 Kf6 42. Nd6 Ke6 43. Ne4 Na6 44. Kd4 Ke7 45. Nc5 Nc7 46.
a6 f6 47. Kc4 f5 48. a7 Kd6 49. Nb7+ Kd7 50. Kc5 Na8 51. Na5 Kc7 52. Nxc6 Kb7
53. Kd6 Nb6 54. Nd8+ Kxa7 55. Ke5 f4 56. Nf7 Nc4+ 57. Kf5 Nd2 58. Ne5 Nf1 59.
h3 Nh2 60. Kg6 1-0